000
00262nam a2200097Ia 4500
001
653832
005
20250826154506.0
008
250824s9999 xx 000 0 und d
245
0
_a
3 EJDERHACA NASIL KONUŞURSUN
_c
CRESSİDA COWELL
260
_b
GÜNIŞIĞI YAYINLARI
999
_c
653832
_d
653832